|
|
|
|
| LEADER |
01187nam a2200253 u 4500 |
| 001 |
10112419 |
| 003 |
upatras |
| 005 |
20210117204956.0 |
| 008 |
140401s1967 ger |
| 040 |
|
|
|a ΠΑΝΕΠΙΣΤΗΜΙΟ ΠΑΤΡΑΣ
|c ΠΑΝΕΠΙΣΤΗΜΙΟ ΠΑΤΡΑΣ
|
| 041 |
0 |
|
|a ger
|h lat
|h grc
|
| 082 |
1 |
4 |
|a 882.2
|2 ΕΕΒ
|
| 245 |
1 |
0 |
|a Κωμωιδοτραγήματα
|c studia Aristophanea viri Aristophanei W.J.W. Koster in honorem
|
| 260 |
|
|
|a Amsterdam
|b A.M. Hakkert
|c 1967
|
| 300 |
|
|
|a 182 σ.
|b εικ.
|c 25 εκ.
|
| 504 |
|
|
|a Includes bibliographical references
|
| 600 |
1 |
4 |
|a Αριστοφάνης
|d 444-388
|x Ερμηνεία και κριτική
|9 541
|
| 650 |
|
4 |
|a Ελληνικό δράμα (Κωμωδία)
|x Ερμηνεία και κριτική
|9 93442
|
| 700 |
1 |
|
|a Koster, W.J.W.
|d 1896-
|q ((Willem John Wolff))
|9 137606
|
| 852 |
|
|
|a GR-PaULI
|b ΠΑΤΡΑ
|b ΘΕΑΤΡΟΛΟΓΙΑ
|k ΑΣΧΕ-3
|h 882.2 KOS
|m 00998
|p 025000014892
|t 1
|
| 942 |
|
|
|2 ddc
|c BK15
|
| 952 |
|
|
|0 0
|1 0
|4 0
|6 882_200000000000000_KOS
|7 0
|9 164816
|a THST
|b THST
|d 2016-04-24
|i 00998
|l 0
|o 882.2 KOS
|p 025000014892
|r 2016-04-24 00:00:00
|t 1
|w 2016-04-24
|y BK15
|
| 998 |
|
|
|c ΜΑΝΙΑ
|d 2014-04
|
| 999 |
|
|
|c 103343
|d 103343
|